00550nem a2200217 a 450000100080000000500110000800800410001910000100006024500200007026000250009030000530011565000160016865000180018465000160020265300090021865300240022765300240025165300190027565300190029465300190031315070642023-09-04 1982 bl uuuu u0uu1 u #d1 aIBGE. aEstado do Acre. aRio de Janeiroc1982 c1 mapa, color., 68 x 93 cm. Escala 1: 1.000.000. aCartography aThematic maps aCartografia aAcre aAmazonia Occidental aAmazônia Ocidental aMapa político aMapa temático aWestern Amazon